| 000 | 00430nam a22001697a 4500 | ||
|---|---|---|---|
| 003 | MPLRDC | ||
| 005 | 20220104163630.0 | ||
| 008 | 210129b ||||| |||| 00| 0 eng d | ||
| 020 | _a0-333-02736-1 | ||
| 082 | _a859.6 VER c.2 | ||
| 100 | _aJULES VERNE | ||
| 245 |
_aROUND THE WORLD IN EIGHTY DAYS _c |
||
| 260 |
_a _bMACMILLAN PRESS LONDON _c1958 |
||
| 300 | _b平 | ||
| 650 | _aCHILDREN LITERATURE | ||
| 942 |
_cBK _o859.6 VER c.2 |
||
| 999 |
_c56561 _d56551 |
||